Normal view
MARC view
- Tiger hunting
Entry Topical Term
001 - CONTROL NUMBER
- control field: 11590
003 - CONTROL NUMBER IDENTIFIER
- control field: NUST
005 - DATE AND TIME OF LATEST TRANSACTION
- control field: 20180712042838.0
008 - FIXED-LENGTH DATA ELEMENTS
- fixed length control field: 180712|| aca||aabn | a|a d
040 ## - CATALOGING SOURCE
- Original cataloging agency: NUST
- Transcribing agency: NUST
150 ## - HEADING--TOPICAL TERM
- Topical term or geographic name entry element: Tiger hunting
670 ## - SOURCE DATA FOUND
- Source citation: Work cat.: (NUST)173050: Kenneth Anderson 11589, The Kenneth Anderson omnibus.Volume 2 /, 2007
